000 00268nam a2200097Ia 4500
001 683254
005 20250826161434.0
008 250824s9999 xx 000 0 und d
245 0 _aYA BEN İSTANBULU ALACAĞIM YADA İSTANBUL BENİ
_cAYLA ABAK
260 _bEVEREST YAYINLARI
999 _c683254
_d683254